Visualizzazione normale
Vista MARC
- Dzierlatka Arie
di Personal Name
Records bibliografici associati: 1
001 - CONTROL NUMBER
- control field: 40349
003 - CONTROL NUMBER IDENTIFIER
- control field: IT-RoPau
005 - DATE AND TIME OF LATEST TRANSACTION
- control field: 20151126150534.0
008 - FIXED-LENGTH DATA ELEMENTS
- fixed length control field: 151126|| aca||aabn | a|a d
040 ## - CATALOGING SOURCE
- Original cataloging agency: IT-RoPau
- Transcribing agency: IT-RoPau
100 ## - HEADING--PERSONAL NAME
- Personal name: Dzierlatka Arie
- Relator term: (musica)
- Miscellaneous information: Codice Musica SPICS: 29791
670 ## - SOURCE DATA FOUND
- Source citation: Work cat.: (IT-RoPau)105251: Rohmer Eric Codice regista SPICS: 1948 40346, RACCONTI MORALI 6 RACCONTI MORALI 6 (Rif. Codice opera principale : 29172)